000 01413namaa2200361 i 4500
003 EG-GICUC
005 20260627125115.0
008 260627m199719uuua ||||jr|||| 00| 0 ara d
017 _a1997 / 2755
_bدار الكتب والوثائق القومية (مصر)
020 _a9770151335
040 _aEG-GiCUC
_bara
_cEG-GiCUC
_dEG-GiCUC
_erda
043 _af-ua---
082 0 4 _221
_a320.962
_bJ26
092 0 4 _221
_a320.962
_bJ26
099 _a320.962 J26 v.1
100 1 _aجلال، محمد نعمان
_eمؤلف.
245 1 0 _aهوية مصر /
_cد. محمد نعمان جلال، د. مجدى المتولى
264 _aالقاهرة (مصر) :
_bالهيئة المصرية العامة للكتاب،
_c1997-
300 _aمجلد ؛
_c24 سم
336 _2rdacontent
_atext
337 _2rdamedia
_aUnmediated
338 _2rdacarrier
_avolume
504 _aيشتمل على ارجاعات ببليوجرافية.
541 _aد. / جابر عصفور ؛
_bالقاهرة ؛
_cإهداء ؛
_d2024.
650 1 7 _aالاسلام والسياسة
_2qrmak
650 1 _aالدولة القديمة
_2qrmak
651 1 _2qrmak
_aمصر
_xاحوال سياسية
651 1 _aمصر
_xاحوال اقتصادية
_2qrmak
651 1 _aمصر
_xاحوال اجتماعية
_2qrmak
700 1 _aالمتولى، مجدى،
_eمؤلف مشارك.
905 _aAmira
942 _2ddc
_cBK
_e21
_n0
999 _c180626
_d180626